| 000 | 00414nam a2200169 a 4500 | ||
|---|---|---|---|
| 001 | 0065 | ||
| 005 | 20140414131911.0 | ||
| 008 | 040202s19uu xx 00 eng d | ||
| 020 | _a0-307-12397-9 | ||
| 050 |
_aER _bD89 |
||
| 245 |
_aDumbo : _bthe circus baby. |
||
| 260 |
_aNew York : _bA Golden Book. |
||
| 300 | _ap. ; cm. | ||
| 650 |
_aElephants _xfiction. |
||
| 650 | _aChildren stories. | ||
| 999 |
_c111204 _d111204 |
||